000 00511nam a22001817a 4500
005 20240910163222.0
008 240910b |||||||| |||| 00| 0 eng d
020 _a9781119593935
082 _a006.754
_bHER-I
100 _aHerman, Jenn
245 _aInstagram for dummies /
_cWalker Corey, Eric Butow
260 _aUSA:
_bWiley;
_c2020.
300 _axiv, 355 p. :
_bill;
_c24 cm.
500 _ainclude index.
650 _aSocial Media Marketing for Businesses
700 _aWalker Corey,
999 _c36560
_d36560